| 000 | 00476cam a2200181ua 4500 | ||
|---|---|---|---|
| 020 |
_a0 250 40208 4 _c63.00 |
||
| 041 |
_aeng _h |
||
| 082 |
_a628.11 _bMCC/IN |
||
| 100 | _aMcclelland, Nina I . | ||
| 245 |
_aIndividual onsite waste water systems / _cNina I Mcclelland. _hTextual Documents |
||
| 260 |
_a : _bAnn arbor science , _c1977. |
||
| 300 | _a166 ; . | ||
| 365 | _a63.00 | ||
| 500 | _a** Reference | ||
| 504 | _a | ||
| 942 | _cBK | ||
| 999 |
_c10659 _d10659 |
||